Statystyki dla Stolice podanych państw #1.

Kliknij tutaj aby rozwiązać quiz!

Ogólne statystyki

  • Ten quiz został rozwiązany 1 264 razy
  • Średni wynik to 11 z 20

Statystyki odpowiedzi

KontynentPaństwoStolica% Poprawnych
Europa/AzjaRosjaMoskwa
98%
EuropaPolskaWarszawa
98%
EuropaWatykanWatykan
95%
EuropaMonakoMonako
89%
Ameryka PółnocnaStany ZjednoczoneWaszyngton
88%
AfrykaEgiptKair
83%
EuropaSerbiaBelgrad
73%
Ameryka Północna/Ameryka PołudniowaPanamaPanama
68%
EuropaMołdawiaKiszyniów
66%
AzjaMongoliaUłan Bator
62%
Ameryka PołudniowaKolumbiaBogota
53%
Ameryka PołudniowaBoliwiaSucre
43%
AfrykaDżibutiDżibuti
42%
AzjaNepalKatmandu
37%
AzjaSri LankaSri Dźajawardanapura Kotte
26%
AzjaKirgistanBiszkek
23%
AfrykaUgandaKampala
18%
Ameryka PółnocnaBahamyNassau
18%
AfrykaZambiaLusaka
17%
OceaniaFidżiSuva
17%

Rozkład punktacji

Percentyl według liczby udzielonych odpowiedzi

Procent ludzi z każdym wynikiem

Twoja historia wyników

Nie rozwiązałeś tego quizu